| 000 | 00560nam a2200229Ia 4500 | ||
|---|---|---|---|
| 003 | OSt | ||
| 005 | 20220928115638.0 | ||
| 006 | a|||||r|||| 00| 0 | ||
| 007 | ta | ||
| 008 | 220927b |||||||| |||| 00| 0 eng d | ||
| 024 | _a63491 | ||
| 037 | _cTextual | ||
| 040 |
_aSDCL _cSDCL _beng |
||
| 041 |
_2eng _aeng |
||
| 082 | _a443, P6 | ||
| 100 |
_aHarrison Jackie _9445333 |
||
| 245 | 0 | _aNews | |
| 260 |
_aLondon _bRoutledge _c2006 |
||
| 300 |
_axi,289p. _ccm. |
||
| 942 |
_h443, P6 _cTEXL _2CC |
||
| 999 |
_c760294 _d760294 |
||